Studying hygiene bevaiour: (Record no. 8367)
[ view plain ]
| 000 -LEADER | |
|---|---|
| fixed length control field | 01228nam a2200385 a 4500 |
| 001 - CONTROL NUMBER | |
| control field | vtls000004138 |
| 003 - CONTROL NUMBER IDENTIFIER | |
| control field | NLI |
| 005 - DATE AND TIME OF LATEST TRANSACTION | |
| control field | 20210601180406.0 |
| 008 - FIXED-LENGTH DATA ELEMENTS--GENERAL INFORMATION | |
| fixed length control field | 101125s1994 ii 001 0 eng |
| 020 ## - INTERNATIONAL STANDARD BOOK NUMBER | |
| International Standard Book Number | 817036387X |
| Terms of availability | Rs. 325.00 |
| 039 #9 - LEVEL OF BIBLIOGRAPHIC CONTROL AND CODING DETAIL [OBSOLETE] | |
| -- | 201011250015 |
| -- | VLOAD |
| 040 0# - CATALOGING SOURCE | |
| Original cataloging agency | NLI |
| Language of cataloging | eng |
| Transcribing agency | VERGIS-2003 |
| 041 0# - LANGUAGE CODE | |
| Language code of text/sound track or separate title | eng |
| 044 ## - COUNTRY OF PUBLISHING/PRODUCING ENTITY CODE | |
| MARC country code | ii |
| 082 04 - DEWEY DECIMAL CLASSIFICATION NUMBER | |
| Classification number | 613.072 |
| 245 00 - TITLE STATEMENT | |
| Title | Studying hygiene bevaiour: |
| Remainder of title | menthods issues and experiences/ |
| Statement of responsibility, etc. | edited by Sandy Cairncross, Vijay Kochar |
| 260 ## - PUBLICATION, DISTRIBUTION, ETC. | |
| Place of publication, distribution, etc. | New Delhi: |
| Name of publisher, distributor, etc. | SAGE, |
| Date of publication, distribution, etc. | c1994 |
| 300 ## - PHYSICAL DESCRIPTION | |
| Extent | 334 p.; |
| Dimensions | 22 cm. |
| 440 ## - SERIES STATEMENT/ADDED ENTRY--TITLE | |
| Title | Includes bibliographical references and index |
| 9 (RLIN) | 17461 |
| 500 #3 - GENERAL NOTE | |
| General note | Workshop on the measurement of hygiene behaviour held at Queen's College, Oxford in april 1991 |
| 650 #0 - SUBJECT ADDED ENTRY--TOPICAL TERM | |
| Topical term or geographic name entry element | Health bahavior |
| General subdivision | Research |
| -- | Menthodology |
| 9 (RLIN) | 18070 |
| 650 #0 - SUBJECT ADDED ENTRY--TOPICAL TERM | |
| Topical term or geographic name entry element | Health education |
| 650 #0 - SUBJECT ADDED ENTRY--TOPICAL TERM | |
| Topical term or geographic name entry element | Hygiene |
| 700 1# - ADDED ENTRY--PERSONAL NAME | |
| Personal name | Cairncross, Sandy, |
| Relationship | edt |
| 9 (RLIN) | 18071 |
| 700 1# - ADDED ENTRY--PERSONAL NAME | |
| Personal name | Kochar, Vijay, |
| Relationship | edt |
| 9 (RLIN) | 18072 |
| 887 ## - NON-MARC INFORMATION FIELD | |
| Content of non-MARC field | Sathya K. |
| 901 ## - LOCAL DATA ELEMENT A, LDA (RLIN) | |
| a | DB 65801 |
| b | 05/08/1994 |
| 902 ## - LOCAL DATA ELEMENT B, LDB (RLIN) | |
| a | E 613.072 St 94 |
| 903 ## - LOCAL DATA ELEMENT C, LDC (RLIN) | |
| a | 16/02/2004 |
| 904 ## - LOCAL DATA ELEMENT D, LDD (RLIN) | |
| a | Sathya K. |
| 906 ## - LOCAL DATA ELEMENT F, LDF (RLIN) | |
| a | 002046 |
| 949 ## - LOCAL PROCESSING INFORMATION (OCLC) | |
| -- | VIRTUAITEM |
| -- | 10000 |
| -- | 1 |
| -- | 100 |
| 6 | DBA000065801ENG |
| a | E 613.072 St94 |
| 942 ## - ADDED ENTRY ELEMENTS (KOHA) | |
| Source of classification or shelving scheme | Dewey Decimal Classification |
| Koha item type | Books |
| Withdrawn status | Lost status | Damaged status | Not for loan | Collection code | Home library | Current library | Shelving location | Date acquired | Total Checkouts | Full call number | Barcode | Date last seen | Price effective from | Koha item type |
|---|---|---|---|---|---|---|---|---|---|---|---|---|---|---|
| New English | National Library of India | National Library of India | New English - Main Stack Division | E 613.072 St 94 | DBA000065801ENG | 01/06/2021 | 01/06/2021 | Books |
